000 00333nam a2200133Ia 4500
008 191201s2009 xx 000 0 und d
100 _aAKHILESH, KB
245 0 _aMathematics and Statistics for Management
250 _a2nd
260 _aN. Delhi
_bVikas Publication House
_c2009
300 _a890
650 _aMBA
942 _2ddc
_cBK
999 _c4798
_d4798